000 01062nam a2200361 a 4500
001 75333
003 BD-RjUL
005 20211209082656.0
008 930223s1985 000 0 d
020 _a0850389437
035 _aCURL Interim file ISBN22
040 _aBD-RjUL
_beng
_cBD-RjUL
041 _aeng
049 _aNO COPIES: 049 BL
_cBL
_d880210
082 _a686.22
_223
_bHAD 1985
092 _aD0500840470
100 1 _aHartley, James,
_9229141
245 1 0 _aDesigning instructional text /
_cJames Hartley
250 _a2nd ed
260 _aLondon :
_bKogan Page,
_c1985
300 _a175 p :
_bill ;
_c30 cm
500 _aPrevious ed.: 1978
504 _aBibliography: p152-172. - Includes index
650 0 _aPrinting
_xMake-up
_9229142
650 0 _aTextbooks
_9229143
942 _2ddc
_cBK
999 _c75333
_d75333